Rocket league arenas - Statistics

General Stats
  • This quiz has been taken 13 times
  • The average score is 7 of 28
Answer Stats
Picture Answer % Correct
Neo tokyo
82%
Champions field
64%
wasteland
64%
AquaDome
55%
Beckwith park
55%
DFH Stadium
45%
Mannfield
45%
Salty Shores
45%
Dunkhouse
36%
Farmstead
36%
Forbidden Temple
27%
Badlands
18%
Deadeye Canyon
18%
Sovereign Heights
18%
Urban central
18%
Core 707
9%
Deadeye Canyon (Oasis)
9%
Estadio Vida
9%
Forbidden Temple [Fire & Ice]
9%
Neon fields
9%
Neo tokyo [Arcade]
9%
Rivals arena
9%
Starbase ARC
9%
Underpass
9%
Utopia coliseum
9%
DFH Stadium (circuit)
0%
Galleon
0%
Throwback Stadium
0%
No matching quizzes found
Score Distribution
Percent of People with Each Score
Percentile by Number Answered
Your Score History
You have not taken this quiz